| 000 | 00871nam a22002417a 4500 | ||
|---|---|---|---|
| 001 | 82870 | ||
| 003 | BD-RjUL | ||
| 005 | 20240130153615.0 | ||
| 008 | 240130s2000 bg a|||| m||| 00| 0 eng d | ||
| 035 | _a(BD-RjUL)82870 | ||
| 040 |
_aBD-RjUL _beng _cBD-RjUL _dBD-RjUL |
||
| 041 | _aeng | ||
| 082 |
_223 _a339.095492 _bHAM 2000 |
||
| 100 |
_aHamid, Md. Abdul _94097 |
||
| 245 | 1 | 0 |
_aA macroeconometric study of Bangladesh / _cby Md. Abdul Hamid ; _6Supervisor : Tariq, Saiful Islam |
| 260 |
_aRajshahi : _bDepartment of Economics, University of Rajshahi, _c2000 |
||
| 300 |
_axiii, 207 leaves : _bill, ; _c29.cm. |
||
| 502 | _aThesis (Ph. D.) -- Department of Economics, University of Rajshahi, 2000 | ||
| 504 | _aBibliography : Leaves 191 - 207 | ||
| 650 |
_aMacroeconometric _zBangladesh _911283 |
||
| 700 |
_aIslam, Tariq, Saiful, Supervisor _91664 |
||
| 942 |
_2ddc _cTHE |
||
| 999 |
_c82870 _d82870 |
||